Konsolidácia v rámci pracovnoprávnych vzťahov

Hlavným právnym predpisom upravujúcim pracovnoprávne vzťahy a zamestnávanie je zákon č. 311/2001 Z. z. Zákonník práce v znení neskorších predpisov. Po novele zákonom č. 261/2025 Z. z. dochádza k viacerým zásadným zmenám, ktoré sa dotýkajú zamestnávateľov alebo fyzických osôb, ktoré porušili zákaz n...

ver descrição completa

Na minha lista:
Detalhes bibliográficos
Autor principal: Ivanáková, Daniela
Formato: Capítulo de Livro
Idioma:eslovaco
Assuntos:
Tags: Adicionar Tag
Sem tags, seja o primeiro a adicionar uma tag!

MARC

LEADER 00000naa a2200000 4500
001 0314358
005 20260122082950.3
041 0 |a slo 
044 |a SK 
245 1 0 |a Konsolidácia v rámci pracovnoprávnych vzťahov  |c Daniela Ivanáková 
520 |a Hlavným právnym predpisom upravujúcim pracovnoprávne vzťahy a zamestnávanie je zákon č. 311/2001 Z. z. Zákonník práce v znení neskorších predpisov. Po novele zákonom č. 261/2025 Z. z. dochádza k viacerým zásadným zmenám, ktoré sa dotýkajú zamestnávateľov alebo fyzických osôb, ktoré porušili zákaz nelegálneho zamestnávania. Dochádza k zosúladeniu definície závislej práce so zvyšným obsahom Zákonníka práce, a tým k zníženiu miery jeho obchádzania, ako aj vzhľadom na zmenu zákona č. 241/ 1993 Z. z. o štátnych sviatkoch, dňoch pracovného pokoja a pamätných dňoch, kedy sa nemá uplatňovať ani zákaz práce v maloobchodnom predaji. 
610 2 0 |a vzťahy pracovnoprávne 
610 2 0 |a zamestnávatelia 
610 2 0 |a práca závislá 
610 2 0 |a práca nelegálna 
610 2 0 |a sviatok štátny 
610 2 0 |a predaj 
610 2 0 |a maloobchod 
610 2 0 |a zákonník práce 
100 1 |a Ivanáková, Daniela